Now you see me, now you don't / directed by Ruben ... Read More
Available copies
- 0 of 2 copies available at LARL/NWRL Consortium.
- 0 of 2 copies available at Lake Agassiz Regional Library. (Show preferred library)
Current holds
8 current holds with 2 total copies.
Show Only Available Copies
| Location | Call Number / Copy Notes | Barcode | Shelving Location | Status | Due Date |
|---|---|---|---|---|---|
| McIntosh Public Library | DVD NOW (Text) | 33500014338768 | Main | In transit | - |
| Moorhead Public Library | DVD NOW (Text) | 33500014338750 | Main | Checked out | 05/14/2026 |
Record details
- Physical Description: 1 videodisc (112 min.) : sound, color ; 4 3/4 in.
- Publisher: Santa Monica, California : Lionsgate, [2026]
- Copyright: ©2026
Content descriptions
| General Note: | Based on characters created by Boaz Yakin & Edward Ricourt. Originally released as a motion picture in 2025. Wide screen. Special features: audio commentary with director Ruben Fleischer and producer Bobby Cohen; Lord of ... Read More |
| Creation/Production Credits Note: | Director of photography, George Richmond ; ... Read More |
| Participant or Performer Note: | Jesse Eisenberg, Woody Harrelson, Dave Franco, ... Read More |
| Summary, etc.: | "The Four Horsemen have returned--to unite with a ... Read More |
| Target Audience Note: | MPA rating: PG-13; for some strong language, ... Read More |
| System Details Note: | DVD; region 1; wide screen (2.39:1); Dolby Digital ... Read More |
| Language Note: | English, French or Spanish dialogue; English, ... Read More |
| Source of Description Note: | Title from container; credits from end credit ... Read More |
Search for related items by subject
| Subject: | Magicians > Drama. Theft > Drama. Whistle blowing > Drama. |
| LDR | 07857cgm a2201285 i 4500 | ||
|---|---|---|---|
| 001 | 477996 | ||
| 003 | LARL_NWRL_CONSORTIUM | ||
| 005 | 20260219162921.0 | ||
| 008 | 251216p20262025cau112 vleng d | ||
| 007 | vd cvaizk | ||
| 040 | . | ‡aTEFMT ‡beng ‡erda ‡cTEFMT ‡dTEF ‡dOCLCO ‡dGRA ‡dINO ‡dIKG ‡dINO ‡dJBU ‡dCQC | |
| 024 | 1 | . | ‡a031398350408 |
| 028 | 4 | 2. | ‡a62368 ‡bLionsgate ‡q(container) |
| 028 | 4 | 2. | ‡a62368.1.A ‡bLionsgate ‡q(disc) |
| 035 | . | ‡a(OCoLC)1564036409 | |
| 037 | . | ‡bMidwest Tape ‡nhttp://www.midwesttapes.com | |
| 041 | 1 | . | ‡aeng ‡afre ‡aspa ‡jeng ‡jfre ‡jspa ‡peng ‡qeng ‡heng |
| 046 | . | ‡k2025 ‡2edtf | |
| 082 | 0 | 4. | ‡a791.43/72 ‡223/eng/20251223 |
| 245 | 0 | 0. | ‡aNow you see me, now you don't / ‡cdirected by Ruben Fleischer ; screenplay by Michael Lesslie and Paul Wernick & Rhett Reese and Seth Grahame-Smith ; story by Eric Warren Singer and Michael Lesslie ; produced by Alex Kurtzman, Roberto Orci, Bobby Cohen ; Lionsgate presents ; in association with Media Capital Technologies ; a Cohen Pictures production. |
| 246 | 3 | . | ‡aNow you see me, now you do not |
| 246 | 3 | 3. | ‡aNow you see me 3 |
| 257 | . | ‡aUnited States ‡2naf | |
| 264 | 1. | ‡aSanta Monica, California : ‡bLionsgate, ‡c[2026] | |
| 264 | 4. | ‡c©2026 | |
| 300 | . | ‡a1 videodisc (112 min.) : ‡bsound, color ; ‡c4 3/4 in. | |
| 306 | . | ‡a015200 | |
| 336 | . | ‡atwo-dimensional moving image ‡btdi ‡2rdacontent | |
| 337 | . | ‡avideo ‡bv ‡2rdamedia | |
| 338 | . | ‡avideodisc ‡bvd ‡2rdacarrier | |
| 340 | . | ‡b4 3/4 in. | |
| 340 | . | ‡gpolychrome ‡2rdacc | |
| 341 | 0 | . | ‡aauditory ‡bclosedCaptions ‡2sapdv |
| 341 | 0 | . | ‡avisual ‡daudioDescription ‡2sapdv |
| 344 | . | ‡adigital ‡2rdatr | |
| 344 | . | ‡boptical ‡2rdarm | |
| 344 | . | ‡gsurround ‡2rdacpc | |
| 344 | . | ‡gstereo ‡2rdacpc | |
| 344 | . | ‡hDolby Digital 5.1 | |
| 344 | . | ‡hDolby Digital 2.0 | |
| 344 | . | ‡isound ‡2rdasco | |
| 345 | . | ‡c2.39:1 | |
| 345 | . | ‡dwide screen ‡2rdaar | |
| 347 | . | ‡avideo file ‡2rdaft | |
| 347 | . | ‡bDVD video | |
| 347 | . | ‡eregion 1 ‡2rdare | |
| 380 | . | ‡aMotion pictures ‡2lcgft | |
| 538 | . | ‡aDVD; region 1; wide screen (2.39:1); Dolby Digital 5.1, Dolby Digital 2.0 (described video). | |
| 546 | . | ‡aEnglish, French or Spanish dialogue; English, French or Spanish subtitles; English subtitles for the deaf and hard of hearing (SDH); English described video. | |
| 532 | 1 | . | ‡aEnglish subtitles for the deaf and hard of hearing (SDH) |
| 532 | 1 | . | ‡aEnglish described video |
| 588 | 0 | . | ‡aTitle from container; credits from end credit frames. |
| 511 | 1 | . | ‡aJesse Eisenberg, Woody Harrelson, Dave Franco, Isla Fisher, Justice Smith, Dominic Sessa, Ariana Greenblatt, Lizzy Caplan, Rosamund Pike, Morgan Freeman. |
| 508 | . | ‡aDirector of photography, George Richmond ; production designer, David Scheunemann ; edited by Stacey Schroeder ; costume designer, Sophie Canale ; music by Brian Tyler. | |
| 500 | . | ‡aBased on characters created by Boaz Yakin & Edward Ricourt. | |
| 500 | . | ‡aOriginally released as a motion picture in 2025. | |
| 500 | . | ‡aWide screen. | |
| 521 | 8 | . | ‡aMPA rating: PG-13; for some strong language, violence, and suggestive references. |
| 520 | . | ‡a"The Four Horsemen have returned--to unite with a new generation of illusionists for their most global, high-stakes adventure yet. Their mission: Expose the corruption of Veronika Vanderberg, a powerful diamond heiress with ties to arms dealers, traffickers, and warlords. Aided by legendary magician Thaddeus, the two teams must overcome their differences to try and defeat their cunning and dangerous adversary."-- ‡cContainer. | |
| 500 | . | ‡aSpecial features: audio commentary with director Ruben Fleischer and producer Bobby Cohen; Lord of illusions; Now you see me...again; Heart of stone; Quick change; Nothing up my sleeve; The magic castle; deleted and extended scenes; theatrical trailer. | |
| 650 | 0. | ‡aMagicians ‡vDrama. ‡0(LARL_NWRL_CONSORTIUM)165992 | |
| 650 | 0. | ‡aTheft ‡vDrama. | |
| 650 | 0. | ‡aWhistle blowing ‡vDrama. | |
| 655 | 7. | ‡aThrillers (Motion pictures) ‡2lcgft ‡0(LARL_NWRL_CONSORTIUM)175789 | |
| 655 | 7. | ‡aAction and adventure films. ‡2lcgft ‡0(LARL_NWRL_CONSORTIUM)175617 | |
| 655 | 7. | ‡aCaper films. ‡2lcgft ‡0(LARL_NWRL_CONSORTIUM)175646 | |
| 655 | 7. | ‡aFeature films. ‡2lcgft ‡0(LARL_NWRL_CONSORTIUM)175625 | |
| 655 | 7. | ‡aFiction films. ‡2lcgft ‡0(LARL_NWRL_CONSORTIUM)175626 | |
| 655 | 7. | ‡aVideo recordings for the hearing impaired. ‡2lcgft ‡0(LARL_NWRL_CONSORTIUM)175744 | |
| 655 | 7. | ‡aVideo recordings for people with visual disabilities. ‡2lcgft ‡0(LARL_NWRL_CONSORTIUM)175745 | |
| 700 | 1 | . | ‡aFleischer, Ruben, ‡efilm director. ‡1https://id.oclc.org/worldcat/entity/E39PBJpytPkDg3yGd9tw4HG8md ‡0(LARL_NWRL_CONSORTIUM)217418 |
| 700 | 1 | . | ‡aLesslie, Michael, ‡escreenwriter. ‡1https://id.oclc.org/worldcat/entity/E39PBJdWPjqhcfW9FVv4v7FFrq |
| 700 | 1 | . | ‡aWernick, Paul, ‡escreenwriter. ‡1https://id.oclc.org/worldcat/entity/E39PCjDpxVDY9cvHHCqCvhpvDy ‡0(LARL_NWRL_CONSORTIUM)217414 |
| 700 | 1 | . | ‡aReese, Rhett, ‡escreenwriter. ‡1https://id.oclc.org/worldcat/entity/E39PCjJTc8PkjJvJvgXFP8T6Td ‡0(LARL_NWRL_CONSORTIUM)209107 |
| 700 | 1 | . | ‡aGrahame-Smith, Seth, ‡escreenwriter. ‡1https://id.oclc.org/worldcat/entity/E39PBJqVVqjRvV4br3YDrP6h73 ‡0(LARL_NWRL_CONSORTIUM)202419 |
| 700 | 1 | . | ‡aSinger, Eric, ‡d1968- ‡escreenwriter. ‡1https://id.oclc.org/worldcat/entity/E39PBJyrT6yRMMYtDF6vwgbfMP |
| 700 | 1 | . | ‡aKurtzman, Alex, ‡efilm producer. ‡1https://id.oclc.org/worldcat/entity/E39PBJqbrkXt9tBmQfDfkRKPQq ‡0(LARL_NWRL_CONSORTIUM)195903 |
| 700 | 1 | . | ‡aOrci, Roberto, ‡efilm producer. ‡1https://id.oclc.org/worldcat/entity/E39PBJtMjjXtbRW733hxMV74MP ‡0(LARL_NWRL_CONSORTIUM)210621 |
| 700 | 1 | . | ‡aCohen, Bobby, ‡efilm producer. ‡1https://id.oclc.org/worldcat/entity/E39PBJgt3Jmgkc76G6x3CPk4bd ‡0(LARL_NWRL_CONSORTIUM)206187 |
| 700 | 1 | . | ‡aEisenberg, Jesse, ‡d1983- ‡eactor. ‡1https://id.oclc.org/worldcat/entity/E39PBJh4tph8D3dmJkKY7Yj6Kd ‡0(LARL_NWRL_CONSORTIUM)207353 |
| 700 | 1 | . | ‡aHarrelson, Woody, ‡eactor. ‡1https://id.oclc.org/worldcat/entity/E39PBJqbt8xdrB4XjD394CvbVC ‡0(LARL_NWRL_CONSORTIUM)139984 |
| 700 | 1 | . | ‡aFranco, Dave, ‡d1985- ‡eactor. ‡1https://id.oclc.org/worldcat/entity/E39PBJckPywhxQh9cy8dgMYHG3 |
| 700 | 1 | . | ‡aFisher, Isla, ‡d1976- ‡eactor. ‡1https://id.oclc.org/worldcat/entity/E39PBJcBYcJpFXRKycWWmhyyBP ‡0(LARL_NWRL_CONSORTIUM)135292 |
| 700 | 1 | . | ‡aSmith, Justice, ‡d1995- ‡eactor. ‡1https://id.oclc.org/worldcat/entity/E39PBJwmXr3YG6Rk4fb77YHt8C |
| 700 | 1 | . | ‡aSessa, Dominic, ‡d2002- ‡eactor. |
| 700 | 1 | . | ‡aGreenblatt, Ariana, ‡d2007- ‡eactor. ‡1https://id.oclc.org/worldcat/entity/E39PCjMw67HFCB9vrTkFhKhCQq |
| 700 | 1 | . | ‡aCaplan, Lizzy, ‡d1982- ‡eactor. ‡1https://id.oclc.org/worldcat/entity/E39PBJqbqMX67xg9QXYh9kM9Dq ‡0(LARL_NWRL_CONSORTIUM)209034 |
| 700 | 1 | . | ‡aPike, Rosamund, ‡d1979- ‡eactor. ‡1https://id.oclc.org/worldcat/entity/E39PBJtxfcc4jGWTq4Xp9GhPwC ‡0(LARL_NWRL_CONSORTIUM)209341 |
| 700 | 1 | . | ‡aFreeman, Morgan, ‡eactor. ‡1https://id.oclc.org/worldcat/entity/E39PBJxd3wHw7PhMx3M8Myg7pP ‡0(LARL_NWRL_CONSORTIUM)137669 |
| 700 | 1 | . | ‡aRichmond, George, ‡edirector of photography. ‡1https://id.oclc.org/worldcat/entity/E39PCjwYh3HQpTWDqrVqkMdFw3 |
| 700 | 1 | . | ‡aScheunemann, David, ‡eproduction designer. ‡1https://id.oclc.org/worldcat/entity/E39PCjrjqr7bf68PGcFg3GDvf3 |
| 700 | 1 | . | ‡aSchroeder, Stacey, ‡d1979- ‡eeditor of moving image work. ‡1https://id.oclc.org/worldcat/entity/E39PCjvcwT6Thqt3vyWWMGq4YK |
| 700 | 1 | . | ‡aCanale, Sophie, ‡ecostume designer. |
| 700 | 1 | . | ‡aTyler, Brian ‡c(Composer), ‡ecomposer. ‡1https://id.oclc.org/worldcat/entity/E39PBJhCBqtk4PxfD3wrTvQQbd ‡0(LARL_NWRL_CONSORTIUM)210023 |
| 700 | 1 | . | ‡iBased on characters from (work): ‡aYakin, Boaz. ‡tNow you see me (Motion picture) |
| 700 | 1 | . | ‡iBased on characters from (work): ‡aRicourt, Edward. ‡tNow you see me (Motion picture) |
| 710 | 2 | . | ‡aLions Gate Films (Santa Monica, Calif.), ‡epresenter, ‡epublisher. |
| 710 | 2 | . | ‡aMedia Capital Technologies, ‡epresenter. |
| 710 | 2 | . | ‡aCohen Pictures (Firm), ‡eproduction company. |
| 730 | 0 | . | ‡iSequel to (work): ‡aNow you see me 2 (Motion picture) |
| 730 | 0 | . | ‡iContainer of (work) : ‡aNow you see me, now you don't (Motion picture) |
| 730 | 0 | . | ‡iContainer of (expression) : ‡aNow you see me, now you don't (Motion picture). ‡lSpanish. |
| 730 | 0 | . | ‡iContainer of (expression) : ‡aNow you see me, now you don't (Motion picture). ‡lFrench. |
| 901 | . | ‡a477996 ‡bOCoLC ‡c477996 ‡tbiblio ‡soclc | |

Add to basket
Permalink
Disable Highlighting